I Neoplatonici /

Guardado en:
Detalles Bibliográficos
Autor principal: Settembrini, Luigi, (1813-1876) (Autor)
Otros Autores: Manganelli, Giorgio, (1922-1990) (Autor de introducción, etc.), Cantarella, Raffaele (Editor)
Formato: Libro
Lenguaje:italiano
Publicado: Milano : Rizzoli, 1977
Etiquetas: Agregar Etiqueta
Sin Etiquetas, Sea el primero en etiquetar este registro!

MARC

LEADER 00000nam a22000007i 4500
001 IT\ICCU\SBL\0051064
003 ItRI
005 20260220155556.0
008 910930s1977 it |||||| ||||| |||||c
015 |2 IT  |a 778068 
040 |b ita  |c Arcigay Genova 
041 7 |a ita  |2 ISO-639-2 
082 |a 853.7  |2 18 
100 1 |a Settembrini, Luigi,  |d  (1813-1876)  |0 IT\ICCU\CFIV\014714  |4 aut 
240 1 2 |a I Neoplatonici  |9 Settembrini, Luigi <1813-1876> 
245 1 2 |a I Neoplatonici /  |c Luigi Settembrini ; racconto inedito a cura di Raffaele Cantarella ; nota di Giorgio Manganelli. 
260 |a Milano :  |b Rizzoli,  |c 1977 
300 |a 118 p., 1 carta di tav. :  |b facsimile ;  |c 22 cm 
500 |a In copertina: Uno straordinario caso letterario: il racconto erotico di un eroe del Risorgimento rimasto segreto fino a oggi presentato da Giorgio Manganelli. 
700 1 |a Manganelli, Giorgio,  |d  (1922-1990)  |0 IT\ICCU\CFIV\009309  |4 aui 
700 1 |a Cantarella, Raffaele  |0 IT\ICCU\CFIV\017186  |4 edt 
942 |2 ddc  |c BK 
952 |0 0  |1 0  |2 ddc  |4 0  |6 857_700000000000000_SET_NEO  |7 1  |9 3539  |a RN  |b RN  |d 2025-03-02  |l 0  |o 857.7 SET NEO  |p 10798  |r 2025-03-02 17:13:25  |w 2025-03-02  |x Donazione di Giovanni Rimondini  |y BK  |z Donazione di Giovanni Rimondini 
952 |0 0  |1 0  |2 ddc  |4 0  |6 853_700000000000000_SET_NEO  |7 1  |9 3921  |a GE  |b GE  |d 2025-04-19  |l 0  |o 853.7 SET NEO  |p 1583  |r 2025-04-19 16:54:20  |w 2025-04-19  |x Donazione di Alvaro Bazzano  |y BK  |z Donazione AB 
952 |0 0  |1 0  |2 ddc  |4 0  |6 LNR_03SETLUNEO13  |7 0  |9 4471  |a MI  |b MI  |d 2005-07-18  |i 4918  |l 0  |o LNR03-SETLU-NEO13  |p CDOM4918  |r 2025-07-02 22:52:38  |w 2025-07-02  |x DONO  |y BK 
952 |0 0  |1 0  |2 ddc  |4 0  |6 LNR_03SETLUNEO15  |7 0  |9 4472  |a MI  |b MI  |d 2010-03-15  |i 4557  |l 0  |o LNR03-SETLU-NEO15  |p CDOM4557  |r 2025-07-02 22:52:38  |w 2025-07-02  |y BK 
952 |0 0  |1 0  |2 ddc  |4 0  |6 LNR_03SETLUNEO14  |7 0  |9 4473  |a MI  |b MI  |d 2005-09-28  |i 4974  |l 0  |o LNR03-SETLU-NEO14  |p CDOM4974  |r 2025-07-02 22:52:38  |w 2025-07-02  |x DONO  |y BK 
952 |0 0  |1 0  |2 ddc  |4 0  |6 LNR_03SETLUNEO11  |7 0  |9 4474  |a MI  |b MI  |d 2005-04-03  |i 89  |l 0  |o LNR03-SETLU-NEO11  |p CDOM89  |r 2025-07-02 22:52:38  |w 2025-07-02  |x ACQUISTO  |y BK 
952 |0 0  |1 0  |2 ddc  |4 0  |6 LNR_03SETLUNEO12  |7 0  |9 4475  |a MI  |b MI  |d 1987-07-20  |i 377  |l 0  |o LNR03-SETLU-NEO12  |p CDOM377  |r 2025-07-02 22:52:38  |w 2025-07-02  |x ACQUISTO  |y BK 
952 |0 0  |1 0  |2 ddc  |4 0  |6 A_27_000000000000000  |7 1  |9 9665  |a VT  |b VT  |d 2025-10-01  |e Deposito Lorenzo Abbate  |i ABB38  |l 0  |o A27  |p ABB38  |r 2025-10-01 10:32:00  |w 2025-10-01  |y BK  |z Deposito Lorenzo Abbate 
952 |0 0  |1 0  |4 0  |6 DOC_853_914000000000000_SET  |7 0  |9 23514  |a BO  |b BO  |d 2026-01-15  |i 1230  |l 0  |o DOC 853.914 SET  |p BO1230  |r 2026-01-15 23:23:00  |w 2026-01-15  |x [Sebina 5] [1 v.]  |y BK  |z 1 v. 
952 |0 0  |1 0  |4 0  |6 DOC_853_914000000000000_SET  |7 0  |9 23515  |a BO  |b BO  |d 2026-01-15  |i 5061  |l 0  |o DOC 853.914 SET  |p BO5061  |r 2026-01-15 23:23:00  |w 2026-01-15  |x [Sebina 5] [1 v.]  |y BK  |z 1 v. 
952 |0 0  |1 0  |4 0  |6 DOC_853_914000000000000_SET  |7 0  |9 23516  |a BO  |b BO  |d 2026-01-15  |i 4393  |l 0  |o DOC 853.914 SET  |p BO4393  |r 2026-01-15 23:23:00  |w 2026-01-15  |x [Sebina 5] [1 v.]  |y BK  |z 1 v. 
952 |0 0  |1 0  |4 0  |6 DOC_853_914000000000000_SET  |7 0  |9 23517  |a BO  |b BO  |d 2026-01-15  |i 1670  |l 0  |o DOC 853.914 SET  |p BO1670  |r 2026-01-15 23:23:00  |w 2026-01-15  |x [Sebina 5] [1 v.]  |y BK  |z 1 v. 
999 |c 3500  |d 3500